| 000 | 00908 a2200205 4500 | ||
|---|---|---|---|
| 001 | 122500 | ||
| 020 | _a9788506011249 | ||
| 040 | _cEscola Canadense de Niteroi | ||
| 090 | _aSIS | ||
| 100 | _aSisto, Celso | ||
| 245 | 1 | 0 | _aEduardo e os Elefantes |
| 250 | _a1.ed. | ||
| 260 | _aSão Paulo | ||
| 300 |
_a48 p. _bil. _c3 x 20.07 x 0.51 cm |
||
| 362 | 0 | _a2012 | |
| 520 | _aSe uma história tem duas versões, qual é a que vale? Embarque nessa história com Eduardo e ensine seu pequeno como identificar e expressar corretamente seus sentimentos. Eduardo chegava sempre soltando seus elefantes. Eram muitos, uma verdadeira manada. Bastava alguém falar com ele que lá vinha elefante! Será que os elefantes vão dominar Eduardo ou ele vai se transformar num excelente domador? Elefantes e meninos, amigos ou inimigos? | ||
| 650 | 4 | _aImaginação | |
| 650 | 4 | _aChildren's Literature | |
| 942 | _cBK | ||
| 999 |
_c122500 _d122500 |
||